|
|
|
|
| LEADER |
00000nam a2200000 a 4500 |
| 001 |
vtls001367494 |
| 003 |
SK-MaSNL |
| 005 |
20260302000446.0 |
| 008 |
240315s1999 xo aap r yy slo |
| 015 |
|
|
|a SNBA1999/10-03660
|
| 020 |
|
|
|a 808052050X
|
| 035 |
|
|
|a SNK000321182
|
| 035 |
|
|
|a urn:nbn:sk:snk-amtk6q
|
| 035 |
|
|
|a urn:nbn:sk:snk-am00c7gc
|
| 035 |
|
|
|a 15D65AC5-05BC-407D-874F-EFC760506CE5
|
| 040 |
|
|
|a SNK
|b slo
|c SNK
|e AACR2
|
| 041 |
0 |
|
|a slo
|
| 044 |
|
|
|a xo
|c SK
|
| 080 |
|
|
|a 620.9
|2 1981
|
| 100 |
1 |
|
|a Gašparovský, Dionýz,
|d 1971-
|4 aut
|9 203025
|
| 245 |
1 |
|
|a Nekonvenčné zdroje a premeny energie
|c Dionýz Gašparovský
|
| 260 |
|
|
|a Bratislava
|b Metodické centrum v Bratislave
|c 1999
|
| 300 |
|
|
|a 70 s.
|b fotogr., sch., tab.
|c 30 cm
|
| 500 |
|
|
|a 100 výt.
|
| 504 |
|
|
|a Bibliogr. s. 70
|
| 650 |
0 |
7 |
|a energia
|x zdroje
|x premeny
|2 SNK
|9 635075
|
| 655 |
|
7 |
|a príručky
|2 SNK
|9 74364
|
| 919 |
|
|
|a 80-8052-050-X
|
| 958 |
|
|
|a TL
|
| 958 |
|
|
|a NB
|
| 999 |
|
|
|c 979613
|d 981543
|
| 952 |
|
|
|t P60, <09>, [BOOK], {629}
|a SNK
|b SNK
|y NEVYP
|7 0
|o snkB 262
|i snk941/990712
|0 0
|1 0
|4 0
|d 1999-07-09
|l 0
|r 2005-01-02 00:00:00
|w 2026-02-24
|
| 952 |
|
|
|t P60, <04>, [BOOK], {604}
|a SNK
|b SNK
|y VYP
|7 0
|p 17A0200151
|o snkSB 60672 D1
|i snkKSP 7500/99
|0 0
|1 0
|4 0
|d 1999-07-09
|l 0
|r 2005-01-02 00:00:00
|w 2026-02-24
|
| 952 |
|
|
|t P60, <03>, [BOOK], {603}
|a SNK
|b SNK
|y PREZ
|7 0
|p 17A0200150
|o snkSB 60672
|i snkKSP 7499/99
|0 0
|1 0
|4 0
|d 1999-07-09
|f 1
|l 0
|r 2025-04-11 00:00:00
|w 2026-02-24
|